000 00648nam a2200193 i 4500
001 97259
003 ES-MaACL
005 20231228062654.0
007 t|
008 050708s1910 sp ||||1| spa d
100 1 _aMarañón, Gregorio,
_d1887-1960
_976311
245 1 0 _aQuemoterapia moderna según Ehrlich
_b: tratamiento de la sífilis por el 606 /
_cpor Gregorio Marañón y Posadillo.
260 _aMadrid :
_bImprenta y Librería Médica,
_c1910.
300 _a101 p. ;
_c23 cm.
650 1 4 _aSífilis-
_xFarmacoterapia.
_917093
650 1 4 _aArsénico-
_xUso terapéutico.
_910067
852 _aES-MaACL
_jT-1213-F-10
999 _c97259
_d97259